000 00578nam a2200193 a 4500
005 20230922063849.0
008 120615s2005 es r 000 0 spa d
020 _a8439216424
035 _aUPN01000185179
049 _aI
050 4 _aPQ8097 Z3.7
_bC4.7
100 1 _aZardoya, Concha,
_d1914-2004
_932269
245 1 0 _aCaramurú y la anaconda /
_cConcha Zardoya ; il. José Enrique Pérez Palomo.
260 _aMadrid :
_bGaviota,
_c2005.
300 _a92 p. :
_bil.
440 0 _aTrébol oro.
_pNovela
650 4 _aLiteratura infantil chilena
_915614
905 _aInfantil
999 _c157282
_d157282